| 000 -LEADER |
| fixed length control field |
01015cam a2200181 i 4500 |
| 020 ## - INTERNATIONAL STANDARD BOOK NUMBER |
| ISBN |
9781646421084 (ebk) |
| 082 00 - DEWEY DECIMAL CLASSIFICATION NUMBER |
| Classification number |
302.23 |
| Item number |
Eq649 2021 |
| 245 00 - TITLE STATEMENT |
| Title |
Equipping technical communicators for social justice work : theories, methadologies, pedalogies |
| 260 ## - PUBLICATION, DISTRIBUTION, ETC. (IMPRINT) |
| Place of publication |
Louisville, CO : |
| Name of publisher |
Utah State University Press, |
| Year of publication |
©2021. |
| 300 ## - PHYSICAL DESCRIPTION |
| Number of Pages |
1 online resource, x, 255 pages : |
| Other physical details |
illustrations |
| 500 ## - GENERAL NOTE |
| General note |
Includes bibliographic references and index. |
| 520 ## - SUMMARY, ETC. |
| Summary, etc |
"Provides action-focused resources-heuristics, methodologies, theories-for scholars to enact social justice. These resources support the work of scholars and practitioners in conducting research and teaching classes in socially just ways. Each chapter identifies a tool, highlights its relevance to technical communication, and explains how and why it can prepare" -- |
| 650 #0 - SUBJECT ADDED ENTRY--TOPICAL TERM |
| Topical Term |
Communication of technical information. |
| 650 #0 - SUBJECT ADDED ENTRY--TOPICAL TERM |
| Topical Term |
Social justice. |
| 700 1# - ADDED ENTRY--PERSONAL NAME |
| Personal name |
Walton, Rebecca W., editor. |
| 700 1# - ADDED ENTRY--PERSONAL NAME |
| Personal name |
Agboka, Godwin, editor. |
| 942 ## - ADDED ENTRY ELEMENTS (KOHA) |
| Koha item type |
Electronic Books |